000 00528nam a2200145Ia 4500
008 230503t2018||||xx |||||||||||||| ||spa||
110 _aAgencia de cooperación internacional
245 0 _aHuertos familiares, comunitarios y educativos para el autoconsumo en Centroamérica
260 _aSantiago de Chile
_bAGCI
_c2018
260 _c2018
300 _a25 páginas
500 _a(1-1190.00)
650 _aAGCI
856 _uhttp://sociedadanonima.cl/wp-content/uploads/2018/02/Resumen_informe.pdf
_yClick para acceder al recurso
999 _c172230
_d172230